| 000 | 00707nam a22002057a 4500 | ||
|---|---|---|---|
| 005 | 20251108173144.0 | ||
| 008 | 250721s2005 xx 000 0 ara d | ||
| 020 | _a9772773880 | ||
| 082 | 1 | 4 | _a616.13/ منص |
| 100 | 1 | _aمنصور، حسن فكري | |
| 245 | 1 | 0 | _a75 وسيلة و نصيحة لحماية شرايينك و قلبك من الكولسترول القاتل و تصلب الشاريين / |
| 264 | 1 |
_aالقاهرة : _bدار الطلائع للنشر و التوزيع، _c2005. |
|
| 300 | _a96ص | ||
| 650 | 1 | 7 | _aالأمراض |
| 650 | 1 | 7 | _aأمراض القلب |
| 650 | 1 | 7 | _aتصلب الشرايين |
| 650 | 1 | 7 | _aالكوليسترول |
| 942 |
_2ddc _cBK |
||
| 999 |
_c97308 _d97308 |
||